000 00627nam a22001935i 4500
001 68624
003 ES-MaACL
005 20250805064134.0
007 t|
008 960812s1874 fr ||||1| fre d
040 _aCAM
_bspa
_cCAM
100 1 _aGautier, Théophile,
_d1811-1872
_9170960
245 1 0 _aPortraits contemporains
_b: littérateurs, peintres, sculpteurs, artistes dramatiques /
_cThéophile Gautier.
250 _a3e éd.
260 _aParis :
_bCharpentier et Cie.,
_c1874 (
_fimp. Simon Racon et Comp.)
300 _a[4], 464 p. ;
_c18 cm.
852 _aES-MaACL
_jG-14477
999 _c68624
_d68624